000 00524nam a2200217Ia 4500
003 OSt
005 20220924133853.0
006 a|||||r|||| 00| 0
007 ta
008 220923b |||||||| |||| 00| 0 snd d
024 _a269371
037 _cTextual
040 _aARTS
_cARTS
_bsnd
041 _2snd
_asnd
082 _aQ, 1593M4
100 _aDhameja Katumal
_9207548
245 0 _aBharat ja bhagt
260 _c1984
942 _hQ, 1593M4
_cTEXL
_2CC
999 _c435535
_d435535